| 000 | 00551nam a2200181Ia 4500 | ||
|---|---|---|---|
| 008 | 100917s9999 xx 000 0 und d | ||
| 082 | _b53814 | ||
| 100 | _aरानडे स. अ. | ||
| 245 | _aवायद्याचे व्यापार | ||
| 260 |
_bमनोहर रानडे _c1943 |
||
| 300 | _a59 | ||
| 365 | _b1.25 | ||
| 520 | _aनिबंध | ||
| 630 | _aवायद्याचे व्यापार | ||
| 650 | _aनिबंध | ||
| 730 | _aवायद्याचे व्यापार | ||
| 942 | _cBOOK | ||
| 999 |
_c659208 _d659205 |
||